Prodigy Math Game Locations - Statistics

General Stats
  • This quiz has been taken 21 times
    8 since last reset
  • The average score is 8 of 14
Answer Stats
Answer % Correct
Dragon Isle
100%
Firefly Forest
100%
Shiverchill Mountains
100%
Academy
67%
Bonfire Spire
67%
Dyno Dig Oasis
67%
Lamplight Town
67%
Skywatch
67%
Tower Town
67%
Dark Tower
33%
Duels Stadium
33%
Shipwreck Shore
33%
House
0%
Titan Grounds
0%
No matching quizzes found
Score Distribution
Percent of People with Each Score
Percentile by Number Answered
Your Score History
You have not taken this quiz since the last reset